[Event "Pescia op-A 4th"]
[Site "Pescia"]
[Date "2011.09.17"]
[Round "3"]
[White "Panattoni, Angelo"]
[Black "Ambrosi, Arcangelo"]
[Result "1-0"]
[WhiteElo "1990"]
[BlackElo "1842"]
[PlyCount "74"]
[EventDate "2011.09.16"]
[EventType "swiss"]
[EventRounds "5"]
[EventCountry "ITA"]
[SourceTitle "EXT 2015"]
[Source "ChessBase"]
[SourceDate "2014.11.20"]
[SourceVersion "1"]
[SourceVersionDate "2014.11.20"]
[SourceQuality "1"]

1. e4 d5 2. exd5 Nf6 3. Bb5+ Bd7 4. Be2 Nxd5 5. d4 g6 6. Nf3 Bg7 7. 0-0 0-0 8. c4 Nf6 9. Nc3 Bg4 10. h3 Bxf3 11. Bxf3 Nc6 12. Be3 e6 13. Qd2 Qc8 14. Rad1 Ne7 15. g4 Nd7 16. Bh6 Nb6 17. b3 Nc6 18. Bxg7 Kxg7 19. Qf4 a5 20. Nb5 a4 21. Rfe1 axb3 22. axb3 Ra2 23. Nxc7 e5 24. dxe5 Qxc7 25. c5 Nd7 26. Bxc6 bxc6 27. Qd4 f6 28. Qxd7+ Qxd7 29. Rxd7+ Kh6 30. e6 f5 31. e7 Re8 32. Rd8 Rxe7 33. Rxe7 fxg4 34. hxg4 Kg5 35. f3 h5 36. gxh5 Kxh5 37. Re6 g5 1-0

[Event "Lucca op 13th"]
[Site "Lucca"]
[Date "2001.10.??"]
[Round "6"]
[White "Ambrosi, Arcangelo"]
[Black "Bondielli, Giorgio"]
[Result "0-1"]
[WhiteElo "1887"]
[BlackElo "2006"]
[PlyCount "82"]
[EventDate "2001.10.??"]
[EventType "swiss"]
[EventRounds "6"]
[EventCountry "ITA"]
[SourceTitle "EXT 2024"]
[Source "ChessBase"]
[SourceDate "2023.10.10"]
[SourceVersion "1"]
[SourceVersionDate "2023.10.10"]
[SourceQuality "1"]

1. b4 e5 2. Bb2 d6 3. c4 f5 4. e3 Nf6 5. Nf3 Be7 6. Nc3 0-0 7. Be2 b6 8. Qb3 Kh8 9. a4 Bb7 10. Ng5 Qd7 11. c5 d5 12. Rc1 c6 13. cxb6 axb6 14. b5 c5 15. d4 c4 16. Qa2 exd4 17. exd4 Ne4 18. Nf3 Bf6 19. Rb1 Qe6 20. 0-0 Nd7 21. Rfe1 Qf7 22. Nd1 Rfe8 23. Ne3 Qg6 24. Nc2 f4 25. Nb4 Be7 26. Nc2 Nxf2 27. Kxf2 Qxc2 28. Kf1 Bb4 29. Rbc1 Qxa4 30. Qxa4 Rxa4 31. Bc3 Bxc3 32. Rxc3 Ra2 33. Ng5 Kg8 34. Bg4 Rxe1+ 35. Kxe1 Nf6 36. Bf3 Bc8 37. Be2 h6 38. Nf3 Ra1+ 39. Bd1 Bd7 40. Nd2 Bxb5 41. Ke2 Bd7 0-1

[Event "Viareggio Carnevale op 5th"]
[Site "Viareggio"]
[Date "2000.02.26"]
[Round "3"]
[White "Ambrosi, Arcangelo"]
[Black "Patelli, Alessandro"]
[Result "0-1"]
[WhiteElo "1812"]
[BlackElo "2233"]
[PlyCount "104"]
[EventDate "2000.02.25"]
[EventType "swiss"]
[EventRounds "5"]
[EventCountry "ITA"]
[SourceTitle "EXT 2024"]
[Source "ChessBase"]
[SourceDate "2023.10.10"]
[SourceVersion "1"]
[SourceVersionDate "2023.10.10"]
[SourceQuality "1"]

1. b4 d5 2. Bb2 Qd6 3. a3 e5 4. e3 Nf6 5. c4 c6 6. Nf3 Nbd7 7. Nc3 e4 8. Nd4 dxc4 9. Bxc4 Ne5 10. Be2 Bg4 11. f3 exf3 12. gxf3 Bd7 13. Qc2 Rd8 14. 0-0-0 Be7 15. h3 Be6 16. Na4 Ned7 17. f4 a6 18. Rhg1 0-0 19. h4 Rc8 20. Nxe6 Qxe6 21. Kb1 c5 22. b5 axb5 23. Bxb5 Nb6 24. Nxb6 Qxb6 25. a4 Kh8 26. Rg5 Rg8 27. Rdg1 h6 28. Rf5 Rcd8 29. e4 Qe6 30. Re5 Qd6 31. Bc4 Rgf8 32. d3 Ne8 33. Rd5 Qxf4 34. Be5 Qe3 35. Qh2 Bf6 36. Bf4 Qf3 37. Rf5 Rxd3 38. Bxd3 Qxd3+ 39. Qc2 Qd4 40. Qg2 Qb4+ 41. Kc2 Qxa4+ 42. Kd2 Qa2+ 43. Kd1 Qa4+ 44. Ke2 Bd4 45. Rc1 Qc6 46. Qf3 Nf6 47. e5 Nd5 48. Bd2 Qe6 49. Kf1 Ne7 50. Rh5 Nc6 51. Be1 b5 52. Rc2 Ra8 0-1